000
00260nam a2200097Ia 4500
001
977382
005
20250826220725.0
008
250824s9999 xx 000 0 und d
245
0
_a
CEMİL MERİÇ KONUŞUYOR
_c
Yazar Adı Belirtilmemiş
260
_b
KETEBE YAYINLARI
999
_c
977382
_d
977382